| 000 | 00899nac a22002651u 4500 | ||
|---|---|---|---|
| 003 | EG-ScBUE | ||
| 005 | 20221031130544.0 | ||
| 008 | 221031s2007 vraae f b 001 0 eng d | ||
| 020 | _a9781864701678 (hbk.) : | ||
| 020 | _a1864701676 (hbk.) | ||
| 040 |
_aEG-ScBUE _beng _erda _cEG-ScBUE _dEG-ScBUE |
||
| 082 | 0 | 4 |
_a720.9747 _bCOO _222 |
| 245 | 0 | 0 |
_aCooper, Robertson & Partners : _bcities to gardens. |
| 246 | 3 |
_aCooper, Robertson and Partners : _bcities to gardens. |
|
| 264 | 1 |
_aMulgrave, Victoria : _bImages Publishing Group, _c2007. |
|
| 300 |
_a276 pages : _billustrations (chiefly color), plans ; _c31 cm |
||
| 336 |
_2rdacontent _atext _btxt |
||
| 337 |
_2rdamedia _aunmediated _bn |
||
| 338 |
_2rdacarrier _avolume _bnc |
||
| 504 | _aIncludes bibliographical references and index. | ||
| 650 | 7 |
_aArchitectural firms. _2BUEsh |
|
| 653 | _bENGARC | ||
| 655 | _vReading book | ||
| 942 |
_cBB _2ddc |
||
| 999 |
_c8914 _d8914 |
||